Języki w Indiach - nagła śmierć - Statystyki

Ogólne statystyki
  • Ten quiz został rozwiązany 32 razy
  • Średni wynik to 5 z 20
Answers on the Grid
Answers color-coded by a green-red scale on the quiz's grid according to % correct below.
Hindi
Indonezyjski
Bengalski
Telugu
Syngaleski
Malediwski
Marathi
Tamilski
Dzongkha
Urdu
Gudżarati
Perski
Paszto
Dari
Kannada
Malajalam
Malajski
Orija
Pendżabski
Laotański
Wietnamski
Afar
Asamski
Maithili
Bhili
Okinawski
Santali
Kaszmirski
Gondi
Sindhi
Amami
Konkani
Khandesi
Pankani
Adźuli
 
Statystyki odpowiedzi
Odpowiedź % Poprawnych
Hindi
68%
Pendżabski
55%
Bengalski
45%
Gudżarati
41%
Marathi
32%
Tamilski
32%
Kannada
27%
Kaszmirski
27%
Telugu
27%
Urdu
27%
Asamski
23%
Sindhi
23%
Malajalam
18%
Orija
14%
Bhili
9%
Gondi
9%
Maithili
9%
Khandesi
5%
Konkani
5%
Santali
5%
Nie znaleziono quizów pasujących do podanych kryteriów
Rozkład punktacji
Procent ludzi z każdym wynikiem
Percentyl według liczby udzielonych odpowiedzi
Twoja historia wyników
Nie rozwiązałeś tego quizu